|
|
|
|
| LEADER |
00000cam a2200000 7i4500 |
| 001 |
0000088095 |
| 005 |
20230125165127.0 |
| 008 |
220321 |
| 020 |
|
|
|a 9780857088598
|
| 041 |
0 |
|
|a English
|
| 090 |
0 |
0 |
|a 613
|b HAS
|
| 100 |
1 |
|
|a Hasson,Gill
|
| 245 |
1 |
0 |
|a Self-Care Handbook :
|b connect with yourself and boost your wellbeing
|c Gill Hasson
|
| 260 |
|
|
|a New Jercy :
|b John Wiley ,
|c 2021
|
| 300 |
|
|
|a 244p. :
|b ill., col. ;
|c 21 cm.
|
| 541 |
|
|
|c Purchased on 2021
|f KPM/JI/132
|h RM64.50
|
| 650 |
|
0 |
|a Self- care
|
| 650 |
|
0 |
|a Self-care, Health
|
| 700 |
0 |
|
|a Title
|
| 999 |
|
|
|a 0001677085
|b Book
|c Adult Collection
|e Perbadanan Perpustakaan Awam Johor
|